000 00374nam a2200157Ia 4500
008 230917s9999||||xx |||||||||||||| ||und||
020 _cPOU12.5
040 _e7150
_aMAIN
041 _aEnglish
082 _a320.5322 H219L
100 _aHarding, Neil
245 0 _aLenin's political thought
260 _aLondon
_bMacmillan
_c1977
300 _aix, 360 p.
942 _cBK
999 _c187131
_d187131